Jaanemann (Record no. 19049)

MARC details
000 -LEADER
fixed length control field 02881ngm a2200469 4500
003 - CONTROL NUMBER IDENTIFIER
control field dpl
005 - DATE AND TIME OF LATEST TRANSACTION
control field 2008112500300.0
007 - PHYSICAL DESCRIPTION FIXED FIELD--GENERAL INFORMATION
fixed length control field DVD
008 - FIXED-LENGTH DATA ELEMENTS--GENERAL INFORMATION
fixed length control field ||||||sp199 xxu|||||c ||| 00| 0 ng d
010 ## - LIBRARY OF CONGRESS CONTROL NUMBER
LC control number DVD-001328-1330 & DVD-004734-4739
024 ## - OTHER STANDARD IDENTIFIER
Standard number or code TSDVD 1783
Terms of availability 45.00
035 ## - SYSTEM CONTROL NUMBER
System control number DVD-001328-1330
035 ## - SYSTEM CONTROL NUMBER
System control number DVD-004734-4739
040 ## - CATALOGING SOURCE
Original cataloging agency DPL
Transcribing agency DPL
082 ## - DEWEY DECIMAL CLASSIFICATION NUMBER
Classification number DVD / JAAN
245 ## - TITLE STATEMENT
Title Jaanemann
Statement of responsibility, etc Nadiadwala Granson Entertainment Presents
Medium [videorecording] DVD/
260 ## - PUBLICATION, DISTRIBUTION, ETC. (IMPRINT)
Name of publisher, distributor, etc Super Cassettes Industries Limited
300 ## - PHYSICAL DESCRIPTION
Extent 1 videodisc DVD;
Other physical details sd., bw. ;
Dimensions 4 3/4 in.
Type of unit DVD
440 ## - SERIES STATEMENT/ADDED ENTRY--TITLE
Title T Series Home Entertainment
500 ## - GENERAL NOTE
General note Digitally Re Mastered from the Original Film
538 ## - SYSTEM DETAILS NOTE
System details note Dolby Digital 5.1 - Hindi Subtitles: English
650 ## - SUBJECT ADDED ENTRY--TOPICAL TERM
Topical term or geographic name as entry element Motion Picture
700 ## - ADDED ENTRY--PERSONAL NAME
Personal name Kunder, Shirish
700 ## - ADDED ENTRY--PERSONAL NAME
Personal name Malik, Anu
700 ## - ADDED ENTRY--PERSONAL NAME
Personal name Gulzar
700 ## - ADDED ENTRY--PERSONAL NAME
Personal name Khan, Farah
700 ## - ADDED ENTRY--PERSONAL NAME
Personal name Khan, Salman
700 ## - ADDED ENTRY--PERSONAL NAME
Personal name Akshay Kumar
700 ## - ADDED ENTRY--PERSONAL NAME
Personal name Zinta, Priety
942 ## - ADDED ENTRY ELEMENTS (KOHA)
Koha item type CD-ROMs, DVDs, VHS
Source of classification or shelving scheme Dewey Decimal Classification
Classification part DVD
Call number suffix JAAN
Holdings
Withdrawn status Lost status Source of classification or shelving scheme Damaged status Not for loan Home library Current library Date acquired Source of acquisition Cost, normal purchase price Total Checkouts Full call number Barcode Date last seen Date checked out Copy number Cost, replacement price Price effective from Koha item type
    Dewey Decimal Classification     Central Library Central Library 25/11/2008 Purchase 45.00 14 DVD JAAN DVD-001328 14/02/2011 17/01/2011 1 45.00 25/11/2008 CD-ROMs, DVDs, VHS
    Dewey Decimal Classification     Janak Puri Janak Puri 17/11/2009 Pioneers/885/29-10-09/325/13-10-09 /06-11-09 45.00 7 DVD JAAN DVD-004734 04/08/2012 21/07/2012 1 45.00 17/11/2009 CD-ROMs, DVDs, VHS
    Dewey Decimal Classification     Karol Bagh Karol Bagh 17/11/2009 Pioneers/885/29-10-09/325/13-10-09 /06-11-09 45.00 3 DVD JAAN DVD-004737 15/04/2011 10/04/2011 1 45.00 17/11/2009 CD-ROMs, DVDs, VHS
    Dewey Decimal Classification     Narela Narela 17/11/2009 Pioneers/885/29-10-09/325/13-10-09 /06-11-09 45.00 1 DVD JAAN DVD-004738 25/10/2010 17/09/2010 1 45.00 17/11/2009 CD-ROMs, DVDs, VHS
    Dewey Decimal Classification     Patel Nagar Patel Nagar 25/11/2008 Purchase 45.00 7 DVD JAAN DVD-001330 21/08/2011 14/08/2011 1 45.00 25/11/2008 CD-ROMs, DVDs, VHS
    Dewey Decimal Classification     R.K.Puram-8 R.K.Puram-8 17/11/2009 Pioneers/885/29-10-09/325/13-10-09 /06-11-09 45.00   DVD JAAN DVD-004735 17/11/2009   1 45.00 17/11/2009 CD-ROMs, DVDs, VHS
    Dewey Decimal Classification     Sarojini Nagar Sarojini Nagar 25/11/2008 Purchase 45.00 12 DVD JAAN DVD-001329 15/09/2012 08/09/2012 1 45.00 25/11/2008 CD-ROMs, DVDs, VHS
    Dewey Decimal Classification     Shahdara Branch Shahdara Branch 17/11/2009 Pioneers/885/29-10-09/325/13-10-09 /06-11-09 45.00   DVD JAAN DVD-004739 17/11/2009   1 45.00 17/11/2009 CD-ROMs, DVDs, VHS
    Dewey Decimal Classification     Vinoba Puri Vinoba Puri 17/11/2009 Pioneers/885/29-10-09/325/13-10-09 /06-11-09 45.00 1 DVD JAAN DVD-004736 26/02/2011 12/02/2011 1 45.00 17/11/2009 CD-ROMs, DVDs, VHS

© Delhi Public Library
Hit Counter
free hit counter